000 00879nas a2200277 4500
001 BR6007955
003 BR-BrBNA
005 20231205082042.0
007 ta
008 230509b bl.|||p| |||| 00| 00por d
040 _aBR-BrBNA
_bpor
_cBiblioteca Nacional de Agricultura
041 _a(Pt)
072 _aF00; F60
100 1 _aPrisco, J.T.
100 1 _aBarbosa, L.
100 1 _aFerreira, L.G.R.
245 1 _aReguladores do crescimento e a reversao dos efeitos inibitorios da salinidade na germinacao e vigor de plantulas de Sorghum bicolor (L.)Moench [Sorgo; Acido giberelico]
650 _aSORGO
650 _aCRESCIMENTO
650 _aGERMINACAO
650 _aACIDO GIBERELICO
650 _aPLANTULA
773 0 _tCiencia Agronomica (Brazil)
_x
_g(Dec 1975), v. 5(1-2) p. 25-32
_wBR6007955
909 _a202311
_bLúcia
_c55
_dLúcia Elande
942 _2AGRIS
_n0
_cANA
999 _c88843
_d88843